Central Library OPAC University of Rajshahi

MOBRAL, the Brazilian adult literacy experiment / (Record no. 35159)

MARC details
000 -LEADER
fixed length control field 01037cam a2200265 i 4500
001 - CONTROL NUMBER
control field 35159
003 - CONTROL NUMBER IDENTIFIER
rucl marc code BD-RjUL
005 - DATE AND TIME OF LATEST TRANSACTION
control field 20211209052254.0
008 - FIXED-LENGTH DATA ELEMENTS--GENERAL INFORMATION
fixed length control field 750430s1975 fr a b i000 0 eng
035 ## - SYSTEM CONTROL NUMBER
System control number (BD-RjUL)35253
040 ## - CATALOGING SOURCE
Original cataloging agency DLC
Transcribing agency DLC
Modifying agency DLC
-- BD-RjUL
Language of cataloging eng
041 ## - LANGUAGE CODE
Language code of text/sound track or separate title eng
082 00 - DEWEY DECIMAL CLASSIFICATION NUMBER
Classification number DOC 374.0120981
Author mark and year UNM 1975
110 2# - MAIN ENTRY--CORPORATE NAME
Corporate name or jurisdiction name as entry element Unesco.
Subordinate unit Regional Office for Education in Latin America and the Caribbean.
9 (RLIN) 107096
245 10 - TITLE STATEMENT
Title MOBRAL, the Brazilian adult literacy experiment /
Statement of responsibility, etc. study prepared by the Unesco Regional Office for Education in Latin America and the Caribbean.
260 ## - PUBLICATION, DISTRIBUTION, ETC. (IMPRINT)
Place of publication, distribution, etc. Paris :
Name of publisher, distributor, etc. Unesco ;
Place of publication, distribution, etc. [New York :
Name of publisher, distributor, etc. distributed by Unesco Publications Center],
Date of publication, distribution, etc. c1975.
300 ## - PHYSICAL DESCRIPTION
Pagination 70 p. :
Illustrations ill. ;
Size 28 cm.
490 1# - SERIES STATEMENT
Series statement Educational studies and documents ;
Volume/sequential designation new ser., 15
504 ## - BIBLIOGRAPHY, ETC. NOTE
Bibliography, etc Includes bibliographical references.
650 #0 - SUBJECT ADDED ENTRY--TOPICAL TERM
Topical term or geographic name as entry element Literacy
Geographic subdivision Brazil.
9 (RLIN) 107097
830 #0 - SERIES ADDED ENTRY--UNIFORM TITLE
Uniform title Educational studies and documents. new ser. ; 15.
942 ## - ADDED ENTRY ELEMENTS (KOHA)
Source of classification or shelving scheme Dewey Decimal Classification
Koha item type Documents
Holdings
Lost status Source of classification or shelving scheme Damaged status Not for loan Collection code Permanent Location Current Location Shelving location Date acquired Source of acquisition Cost, normal purchase price Total Checkouts Full call number Date last seen Copy number Koha item type
  Dewey Decimal Classification   Not For Loan Non-fiction Central Library, University of Rajshahi Central Library, University of Rajshahi Documentation Section 02/08/1987 Unesco 0.00   DOC 374.0120981 UNM 1975 23/05/2014 C-1 Documents